| 000 | 01465nam a2200193Ia 4500 | ||
|---|---|---|---|
| 999 |
_c9329 _d9329 |
||
| 020 | _a9788131609088 | ||
| 082 |
_a355.33041019 _bMIL- |
||
| 245 | 0 | _aMilitary psychology and leadership development | |
| 260 |
_aJaipur _bRawat Publications _c2017 |
||
| 300 | _axxii, 329p | ||
| 504 | _aincludes contributors | ||
| 520 | _aThis book offers a good understanding of various concepts in the field of military psychology and leadership development, be it in the context of hardiness as a construct in the human resource cycle, the use of coping resources, and the development and management of extreme forms of unwanted stress. Other interesting themes included here cover concepts of altruism, emotional intelligence, disaster management, leadership development and motivation, human factor engineering in operations, the psychology of warfare, and diplomatic psychology. A very interesting, yet overlooked topic, is the role of military families in the Armed Forces, which brings to light the contribution and sacrifices being made by this neglected population-the military spouse. The book is designed, not only for psychology students and practitioners but also for leaders seeking knowledge in the field of military psychology and leadership development. | ||
| 650 | _aMilitary Psychology | ||
| 650 | _aDiplomatic Psychology | ||
| 650 |
_aLeadership _vEthics |
||
| 650 |
_aDisaster management _vPsychological Stress |
||
| 700 | _aRawat, Samir | ||
| 942 |
_cBK _2ddc |
||